Central Library OPAC University of Rajshahi

Economics of agricultural production and resource use / (Record no. 5468)

MARC details
000 -LEADER
fixed length control field 00735nam a2200241 a 4500
001 - CONTROL NUMBER
control field 5468
003 - CONTROL NUMBER IDENTIFIER
rucl marc code BD-RjUL
005 - DATE AND TIME OF LATEST TRANSACTION
control field 20211208234054.0
008 - FIXED-LENGTH DATA ELEMENTS--GENERAL INFORMATION
fixed length control field 160724r19681952nyua 000 0 eng
035 ## - SYSTEM CONTROL NUMBER
System control number (BD-RjUL )5504
System control number (OCoLC)230852
040 ## - CATALOGING SOURCE
Original cataloging agency DLC
Transcribing agency ODaWU
Modifying agency OCoLC
-- Uk
-- DLC
-- BD-RjUL
Language of cataloging eng
041 ## - LANGUAGE CODE
Language code of text/sound track or separate title eng
082 00 - DEWEY DECIMAL CLASSIFICATION NUMBER
Classification number 338.1
Author mark and year HEE 1968
Edition number 23
100 1# - MAIN ENTRY--PERSONAL NAME
Personal name Heady, Earl Orel,
Dates associated with a name 1916-
9 (RLIN) 17164
245 10 - TITLE STATEMENT
Title Economics of agricultural production and resource use /
Statement of responsibility, etc. Earl O. Heady.
260 ## - PUBLICATION, DISTRIBUTION, ETC. (IMPRINT)
Place of publication, distribution, etc. New York :
Name of publisher, distributor, etc. Prentice-Hall,
Date of publication, distribution, etc. 1952.[Indian reprint 1961,1968]
300 ## - PHYSICAL DESCRIPTION
Pagination 850 p. :
Illustrations ill. ;
Size 24 cm.
504 ## - BIBLIOGRAPHY, ETC. NOTE
Bibliography, etc Includes index.
650 #0 - SUBJECT ADDED ENTRY--TOPICAL TERM
Topical term or geographic name as entry element Agriculture
General subdivision Economic aspects.
9 (RLIN) 17165
942 ## - ADDED ENTRY ELEMENTS (KOHA)
Source of classification or shelving scheme Dewey Decimal Classification
Koha item type Books
Holdings
Lost status Source of classification or shelving scheme Damaged status Not for loan Collection code Permanent Location Current Location Shelving location Date acquired Source of acquisition Total Checkouts Full call number Date last seen Copy number Koha item type Cost, normal purchase price
  Dewey Decimal Classification   Not For Loan Non-fiction Central Library, University of Rajshahi Central Library, University of Rajshahi Reading Room 14/11/1973 U.S GOVT   338.1 HEE 1952 26/12/2013 C-1 Books  
  Dewey Decimal Classification     Non-fiction Central Library, University of Rajshahi Central Library, University of Rajshahi   14/11/1973 U.S GOVT   338.1 HEE 1952 06/01/2014 C-2 Books  
  Dewey Decimal Classification     Non-fiction Central Library, University of Rajshahi Central Library, University of Rajshahi   14/11/1973 U.S GOVT   338.1 HEE 1952 24/07/2016 C-4 Books  
  Dewey Decimal Classification     Non-fiction Central Library, University of Rajshahi Central Library, University of Rajshahi   14/11/1973 U.S. Govt.   338.1 HEE 1952 01/08/2016 C-3 Books  
  Dewey Decimal Classification     Non-fiction Central Library, University of Rajshahi Central Library, University of Rajshahi   01/08/1973 Uttorbango lib.,Rajshahi.   338.1 HEE 1968 16/08/2016 C-5 Books 19.30
  Dewey Decimal Classification     Non-fiction Central Library, University of Rajshahi Central Library, University of Rajshahi   26/03/1959 Mirza Book Agency   338.1 HEE 1957 06/09/2016 C-6 Books 48.12
  Dewey Decimal Classification     Non-fiction Central Library, University of Rajshahi Central Library, University of Rajshahi   19/10/1962 Zeitlinger   338.1 HEE 1961 11/10/2021 C-7 Books 68.00
  Dewey Decimal Classification   Not For Loan Non-fiction Central Library, University of Rajshahi Central Library, University of Rajshahi General Stacks 05/09/1957 Mirza Book Agency   338.1 HEE 1968 23/05/2022 C-8 Books 48.12